<?xml version="1.0" encoding="UTF-8"?>
<record
    xmlns:xsi="http://www.w3.org/2001/XMLSchema-instance"
    xsi:schemaLocation="http://www.loc.gov/MARC21/slim http://www.loc.gov/standards/marcxml/schema/MARC21slim.xsd"
    xmlns="http://www.loc.gov/MARC21/slim">

  <leader>00806nam a22001937a 4500</leader>
  <datafield tag="999" ind1=" " ind2=" ">
    <subfield code="c">7887</subfield>
    <subfield code="d">7887</subfield>
  </datafield>
  <controlfield tag="005">20240514120416.0</controlfield>
  <controlfield tag="008">240514b           ||||| |||| 00| 0 eng d</controlfield>
  <datafield tag="020" ind1=" " ind2=" ">
    <subfield code="a">9788412778885</subfield>
  </datafield>
  <datafield tag="040" ind1=" " ind2=" ">
    <subfield code="a">CDMR</subfield>
  </datafield>
  <datafield tag="100" ind1="1" ind2=" ">
    <subfield code="9">1228</subfield>
    <subfield code="a">Soler, Valent&#xED;</subfield>
  </datafield>
  <datafield tag="245" ind1=" " ind2=" ">
    <subfield code="a">Just Cabot i les veus vives de l'exili </subfield>
    <subfield code="c">/ Valent&#xED; Soler ; pr&#xF2;leg del Molt Honorable Quim Torra i Pla</subfield>
  </datafield>
  <datafield tag="260" ind1=" " ind2=" ">
    <subfield code="a">Badalona </subfield>
    <subfield code="b">: Pont del Petroli, </subfield>
    <subfield code="c">2024</subfield>
  </datafield>
  <datafield tag="300" ind1=" " ind2=" ">
    <subfield code="a">243 p&#xE0;gines</subfield>
  </datafield>
  <datafield tag="505" ind1=" " ind2=" ">
    <subfield code="a">Tamb&#xE9; cont&#xE9; informaci&#xF3; sobre aquests periodistes i caricaturistes: Ernest Guasp Garcia, Sebasti&#xE0; Gasch, Josep Esteve Bartrina i Vilar&#xF3;, Jos&#xE9; Mar&#xED;a Quiroga Pl&#xE1;, Jaume Passarell.</subfield>
  </datafield>
  <datafield tag="600" ind1="1" ind2="0">
    <subfield code="9">1226</subfield>
    <subfield code="a">Cabot, Just</subfield>
  </datafield>
  <datafield tag="650" ind1=" " ind2="0">
    <subfield code="9">3636</subfield>
    <subfield code="a">Exiliats</subfield>
    <subfield code="z">Catalunya</subfield>
    <subfield code="y">1939-1945</subfield>
  </datafield>
  <datafield tag="650" ind1=" " ind2="0">
    <subfield code="9">3172</subfield>
    <subfield code="a">Periodisme</subfield>
    <subfield code="z">Catalunya</subfield>
    <subfield code="x">Hist&#xF2;ria</subfield>
    <subfield code="y">1939-1945</subfield>
  </datafield>
  <datafield tag="942" ind1=" " ind2=" ">
    <subfield code="2">udc</subfield>
    <subfield code="c">MON</subfield>
  </datafield>
  <datafield tag="952" ind1=" " ind2=" ">
    <subfield code="0">0</subfield>
    <subfield code="1">0</subfield>
    <subfield code="2">udc</subfield>
    <subfield code="4">0</subfield>
    <subfield code="7">0</subfield>
    <subfield code="a">CDMR</subfield>
    <subfield code="b">CDMR</subfield>
    <subfield code="d">2024-05-14</subfield>
    <subfield code="e">Donaci&#xF3;</subfield>
    <subfield code="g">20.00</subfield>
    <subfield code="l">1</subfield>
    <subfield code="o">Du 1/213</subfield>
    <subfield code="p">CDMR24050002</subfield>
    <subfield code="r">2024-08-28</subfield>
    <subfield code="s">2024-07-04</subfield>
    <subfield code="w">2024-05-14</subfield>
    <subfield code="y">MON</subfield>
  </datafield>
</record>
